La madre en el antigüedad: Literatura, sociedad y religión.
Guardat en:
| Altres autors: | , |
|---|---|
| Format: | Desconegut |
| Idioma: | anglès |
| Publicat: |
Madrid, España.
Signifer Libros,
2007
|
| Col·lecció: | Monografías y Estudios de Antigüedad Griega y Romana;
27 |
| Matèries: | |
| Etiquetes: |
Afegir etiqueta
Sense etiquetes, Sigues el primer a etiquetar aquest registre!
|
MARC
| LEADER | 00000 a2200000 4500 | ||
|---|---|---|---|
| 003 | CL-VaPUC | ||
| 005 | 20211005160820.0 | ||
| 008 | 210422b ||||| |||| 00| 0 eng d | ||
| 999 | |c 432836 |d 432834 | ||
| 020 | |a 978-8493461294 | ||
| 040 | |c Pontificia Universidad Católica de Valparaíso | ||
| 082 | |a 880 CAL 2007 | ||
| 100 | 1 | |a Calderón Dorda, Esteban |9 860659 |e editor | |
| 245 | 1 | 3 | |a La madre en el antigüedad: |b Literatura, sociedad y religión. |
| 260 | |a Madrid, España. |b Signifer Libros, |c 2007 | ||
| 300 | |a 276 páginas | ||
| 490 | |a Monografías y Estudios de Antigüedad Griega y Romana; |v 27 | ||
| 583 | |k Cristina Rojas |c 20210422 | ||
| 650 | 0 | |a Maternidad |x Aspectos religiosos |9 335758 | |
| 650 | 0 | |a Literatura griega clásica |9 435497 | |
| 650 | 0 | |a Madres |9 335761 |x Literatura grecolatina | |
| 700 | |a Morales Ortiz, Alicia |e editora |9 862555 | ||
| 942 | |2 ddc |c BK | ||
| 952 | |0 0 |1 0 |2 ddc |4 0 |6 880_000000000000000_CAL_2007 |7 0 |8 A |9 578644 |a BIBHIS |b BIBHIS |d 2021-08-20 |e 36 |g 0.00 |i 5587905 |o 880 CAL 2007 |p 5587905 |r 2025-01-20 |t 1 |v 0.00 |w 2021-08-20 |y BK |k HIS | ||